000 01244nam a2200397 i 4500
001 32328
003 KOSZ 005
005 20240405063057.0
008 980604s1995 pl a |000 0 pol
015 _aPB 1998/6632
020 _a839011853X
040 _aWA N
_cWA N
_dKOSZ 005/HR
046 _k1995
080 _a346.52(438)
080 _a347.73](438)
100 1 _aLitwińczuk, Hanna
_d(1953- )
_eAutor
245 1 0 _aPrawo bilansowe /
_cHanna Litwińczuk.
250 _a[Stan prawny na 1 października 1995 roku].
260 _aWarszawa :
_b"KiK" Konieczny i Kruszewski,
_c1995.
300 _a222 s. :
_b3 rys. ;
_c23 cm.
336 _2rdacontent
_aTekst
_btxt
337 _2rdamedia
_aBez urządzenia pośredniczącego
_bn
338 _2rdacarrier
_aWolumin
_bnc
380 _aKsiążki
388 _a1901-2000
388 _a1989-2000
504 _aBibliogr. s. 221-222.
648 7 _a1901-2000
648 7 _a1989-2000
650 7 _aBilans księgowy
650 7 _aPrawo bilansowe
651 7 _aPolska
658 _aGospodarka, ekonomia, finanse
856 _uhttp://koha.tu.koszalin.pl/cgi-bin/koha/opac-detail.pl?biblionumber=32328
_yKatalog online BPK
942 _2UKD
_cKS
999 _c32328
_d32328